Piłkarze, którzy wygrali LM i Mistrzostwo Świata – Nagła Śmierć - Statystyki

Ogólne statystyki
  • Ten quiz został rozwiązany 135 razy
  • Średni wynik to 4 z 15
Answers on the Grid
Answers color-coded by a green-red scale on the quiz's grid according to % correct below.
Zinedine Zidane
Thierry Henry
Bixente Lizarazu
Julian Álvarez
Andrés Iniesta
Kaká
Manuel Neuer
Ángel Di María
Olivier Giroud
Ousmane Dembélé
Ronaldinho
Didier Deschamps
Didi
N'Golo Kanté
Fabien Barthez
David Beckham
Neymar
Diego Maradona
Fabio Cannavaro
Mesut Özil
Mats Hummels
Pelé
Kylian Mbappé
Karim Benzema
Paolo Maldini
Antoine Griezmann
Zlatan Ibrahimović
Cristiano Ronaldo
Ronaldo (R9)
Gianluigi Buffon
 
Statystyki odpowiedzi
Odpowiedź % Poprawnych
Mundial 2010 / LM 2006, 2009, 2011, 2015 Andrés Iniesta
43%
Mundial 2022 / LM 2014 Ángel Di María
38%
Mundial 2014 / LM 2013, 2020 Manuel Neuer
37%
Mundial 2018 / LM 2021 N'Golo Kanté
35%
Mundial 1998 / LM 2002 Zinedine Zidane
35%
Mundial 2018 / LM 2025 Ousmane Dembélé
32%
Mundial 2022 / LM 2023 Julian Álvarez
30%
Mundial 2002 / LM 2006 Ronaldinho
28%
Mundial 1998 / LM 2009 Thierry Henry
25%
Mundial 2002 / LM 2007 Kaká
23%
Mundial 2018 / LM 2021 Olivier Giroud
17%
Mundial 1998 / LM 1993, 1996 Didier Deschamps
13%
Mundial 1998 / LM 2001 Bixente Lizarazu
10%
Mundial 1958, 1962 / LM 1960 Didi
5%
Mundial 1998 / LM 1993 Fabien Barthez
3%
Nie znaleziono quizów pasujących do podanych kryteriów
Rozkład punktacji
Procent ludzi z każdym wynikiem
Percentyl według liczby udzielonych odpowiedzi
Twoja historia wyników
Nie rozwiązałeś tego quizu